| 000 | 00843nam a2200253 i 4500 | ||
|---|---|---|---|
| 001 | 000030689 | ||
| 003 | DO-SdBNP | ||
| 005 | 20240618133643.0 | ||
| 007 | ta | ||
| 008 | 110406s1981 dr ac r 000 0 spa d | ||
| 040 |
_aDO-SdBNP _bspa _cBNPHU _erda |
||
| 082 | 4 |
_a972.9304 _bV422i _222 |
|
| 100 | 1 |
_aVega, Bernardo, _d1938 - _93222 _eautor |
|
| 245 | 1 | 0 |
_aImágenes del ayer / _cBernardo Vega ; edición, José Chez Checo |
| 264 |
_aSanto Domingo : _bFundación Cultural Dominicana, _c1981. |
||
| 300 |
_a63 páginas : _bilustraciones, retratos ; _c23 cm. |
||
| 336 |
_2rdamedia _asin mediación _bn |
||
| 337 |
_2rdamedia _asin mediación _bnc |
||
| 338 |
_2rdacarrier _avolumen _bnc |
||
| 500 | _aIncluye fuentes de las fotografías. | ||
| 590 | _aInventariado, 2020/ YL | ||
| 700 |
_aChez Checo, José, _eedición _980381 |
||
| 942 |
_2ddc _cLBS1 |
||
| 999 |
_c30181 _d30181 |
||